Financial consequences of illness: evidence from slums of India (Record no. 8632)

MARC details
000 -LEADER
fixed length control field 00410nam a2200157Ia 4500
020 ## - INTERNATIONAL STANDARD BOOK NUMBER
ISBN 9789384463960
082 ## - DEWEY DECIMAL CLASSIFICATION NUMBER
Classification number 307.3364 SUM-;
100 ## - MAIN ENTRY--AUTHOR NAME
Personal name Sumit Kumar
245 #0 - TITLE STATEMENT
Title Financial consequences of illness: evidence from slums of India
260 ## - PUBLICATION, DISTRIBUTION, ETC. (IMPRINT)
Place of publication Delhi
Name of publisher Foundation Books
Year of publication 2015
300 ## - PHYSICAL DESCRIPTION
Number of Pages xv, 204p
650 ## - SUBJECT ADDED ENTRY--TOPICAL TERM
Topical Term SLUMS - INDIA
650 ## - SUBJECT ADDED ENTRY--TOPICAL TERM
Topical Term FINANCIAL CRISIS - INDIA
650 ## - SUBJECT ADDED ENTRY--TOPICAL TERM
Topical Term CHANDIGARH
942 ## - ADDED ENTRY ELEMENTS (KOHA)
Koha item type Books
Holdings
Withdrawn status Lost status Damaged status Not for loan Home library Current library Date acquired Source of acquisition Bill Date Full call number Accession Number Price effective from Koha item type
        NASSDOC Library NASSDOC Library 17/03/2016 CLASS 2016-03-08 307.3364 SUM-; 48890 18/04/2019 Books